[Event "Open d'Aubagne 2018-2019"]
[Site "Aubagne"]
[Date "2018.01.12"]
[Round "5.9"]
[White "Guidini, Rene"]
[Black "Pinet, Leo"]
[Result "1-0"]
[WhiteElo "1449"]
[BlackElo "1221"]
[PlyCount "43"]

1. e4 d6 2. d4 Nf6 3. Nc3 c6 4. a4 Nbd7 5. Bc4 e5 6. f4 Qc7 7. Nf3 Be7 8. O-O
O-O 9. Bb3 Rb8 10. h3 b5 11. axb5 cxb5 12. Kh1 a6 13. fxe5 dxe5 14. dxe5 Nxe5
15. Nxe5 Qxe5 16. Bf4 Qh5 17. Bxb8 Bg4 18. Qe1 Rxb8 19. Qg3 Rd8 20. e5 b4 21.
exf6 Bd6 22. Qxg4 1-0

[Event "Open d'Aubagne 2018-2019"]
[Site "Aubagne"]
[Date "2018.01.12"]
[Round "5.10"]
[White "Roche, Alain"]
[Black "Cureau, Dominique"]
[Result "1-0"]
[WhiteElo "1359"]
[BlackElo "1424"]
[PlyCount "79"]

1. e4 c5 2. Nf3 Nc6 3. d4 cxd4 4. Nxd4 Nf6 5. Nxc6 bxc6 6. Bd3 e5 7. O-O d5 8.
exd5 cxd5 9. Nc3 Be7 10. Re1 e4 11. Bb5+ Bd7 12. Bxd7+ Qxd7 13. a4 O-O 14. Bg5
Rfd8 15. Nb5 a6 16. Nd4 h6 17. Bh4 g5 18. Bg3 Kh7 19. c3 Bd6 20. Bxd6 Qxd6 21.
Nf5 Qf4 22. Ng3 Ng4 23. Rf1 Kg6 24. Qd4 Rab8 25. b4 h5 26. h3 Ne5 27. b5 a5 28.
Qa7 Ra8 29. Qb6+ f6 30. Rae1 Nc4 31. Qd4 Qe5 32. Qd1 Rh8 33. Qc2 f5 34. Ne2 g4
35. h4 f4 36. Nd4 g3 37. Nc6 Qf6 38. Nd4 gxf2+ 39. Rxf2 Qxh4 40. Rxe4 1-0

[Event "Open d'Aubagne 2018-2019"]
[Site "Aubagne"]
[Date "2018.01.12"]
[Round "5.11"]
[White "Desjardins, Rene"]
[Black "Marchis Mouren, Emma"]
[Result "0-1"]
[WhiteElo "1419"]
[BlackElo "1196"]
[PlyCount "106"]

1. e4 e5 2. Nf3 Nf6 3. Nc3 Bb4 4. d3 d5 5. Bd2 d4 6. Nd5 Bxd2+ 7. Qxd2 Nxd5 8.
exd5 Qxd5 9. Be2 Nc6 10. O-O O-O 11. Ng5 h6 12. Bf3 Qd8 13. Ne4 Qh4 14. g3 Qh3
15. Bg2 Qh5 16. f4 Bh3 17. Bf3 Qf5 18. Bg2 Bxg2 19. Kxg2 Qd7 20. fxe5 Nxe5 21.
Rf4 Ng6 22. Rf3 Qg4 23. h3 Nh4+ 24. Kh1 Qxf3+ 25. Kg1 Nf5 26. Rf1 Qe3+ 27. Qxe3
Nxe3 28. Rf2 Rae8 29. c3 dxc3 30. bxc3 Nd5 31. Rf3 Re6 32. a3 Nf6 33. Nc5 Re1+
34. Kf2 Rb1 35. c4 b6 36. Ne4 Nxe4+ 37. dxe4 Rd8 38. Re3 Rd2+ 39. Kf3 Rf1+ 40.
Kg4 Rf6 41. h4 g6 42. Kh3 h5 43. Re1 Rff2 44. Rh1 Rfe2 45. c5 bxc5 46. a4 Rxe4
47. Rb1 Rxa4 48. Rb3 Raa2 49. g4 Rh2+ 50. Kg3 Rag2+ 51. Kf4 Rxg4+ 52. Ke5 Re2+
53. Kf6 Re6# 0-1

[Event "Open d'Aubagne 2018-2019"]
[Site "Aubagne"]
[Date "2018.01.12"]
[Round "5.12"]
[White "Pentcheff, Laura"]
[Black "Lecomte, Gael"]
[Result "1-0"]
[WhiteElo "1617"]
[BlackElo "1194"]
[PlyCount "65"]

1. d4 d5 2. Nf3 Nf6 3. g3 b5 4. Bg2 e6 5. O-O c5 6. e3 Ba6 7. Re1 Be7 8. a3 Nc6
9. dxc5 Bxc5 10. b4 Bb6 11. Nc3 O-O 12. Qe2 Ne4 13. Nxe4 dxe4 14. Nd2 f5 15.
Bb2 Rc8 16. Nb3 Qe7 17. Red1 Rfd8 18. Rac1 Rd5 19. Rxd5 exd5 20. Qd2 Rd8 21.
Qc3 Bb7 22. Rd1 a6 23. Bh3 Nb8 24. Bxf5 Rd6 25. Bxe4 Rd7 26. Bg2 Qf7 27. Qd3
Qh5 28. Rd2 Qg5 29. Bd4 Bxd4 30. Qxd4 Qf5 31. Nc5 Rf7 32. Nxb7 Qxf2+ 33. Rxf2
1-0

[Event "Open d'Aubagne 2018-2019"]
[Site "Aubagne"]
[Date "2018.01.12"]
[Round "5.14"]
[White "Blanc, Michel"]
[Black "Autouard, Jean-Luc"]
[Result "0-1"]
[WhiteElo "1563"]
[BlackElo "1205"]
[PlyCount "60"]

1. d4 f5 2. e4 fxe4 3. Nc3 Nf6 4. Bg5 d5 5. Bxf6 exf6 6. Qh5+ g6 7. Qxd5 Qxd5
8. Nxd5 Kd8 9. Nxf6 Bf5 10. O-O-O Bg7 11. Nd5 Nc6 12. c3 Bh6+ 13. Ne3 Kc8 14.
Kb1 Bd7 15. Be2 Kb8 16. h3 Rf8 17. Ng4 Bg7 18. f3 Bf5 19. Ka1 a5 20. fxe4 Bxe4
21. Bf3 Bc2 22. Re1 h5 23. Nf2 Ra6 24. Ne2 a4 25. a3 Na5 26. Nc1 Bh6 27. Re2
Bf5 28. Rhe1 Bxc1 29. Rxc1 Nb3+ 30. Ka2 Nxc1+ 0-1

[Event "Open d'Aubagne 2018-2019"]
[Site "Aubagne"]
[Date "2018.01.12"]
[Round "5.15"]
[White "Reynaud, Jacques"]
[Black "Bonavia, Mathis"]
[Result "1-0"]
[WhiteElo "1419"]
[BlackElo "1283"]
[PlyCount "61"]

1. d4 Nf6 2. Nf3 Nc6 3. c4 e5 4. dxe5 Ng4 5. Bg5 Be7 6. Bxe7 Qxe7 7. Nc3 Ngxe5
8. e3 O-O 9. Be2 Qb4 10. Nxe5 Nxe5 11. Qb3 Qxb3 12. axb3 b6 13. f4 Nc6 14. Kf2
Re8 15. Nd5 Bb7 16. Nxc7 Rac8 17. Nxe8 Rxe8 18. Rhd1 Re7 19. Rd6 h6 20. Bf3 Kf8
21. b4 Nd8 22. Rxa7 Bxf3 23. Kxf3 Ke8 24. Rxb6 f6 25. Ra8 d5 26. cxd5 Rd7 27.
e4 f5 28. d6 fxe4+ 29. Kxe4 Kf7 30. Rbb8 Ke6 31. f5+ 1-0

[Event "Open d'Aubagne 2018-2019"]
[Site "Aubagne"]
[Date "2018.01.12"]
[Round "5.16"]
[White "Strate, Francois"]
[Black "Pentcheff, Julie"]
[Result "0-1"]
[WhiteElo "1387"]
[BlackElo "1193"]
[PlyCount "64"]

1. d4 c6 2. c4 d5 3. Nc3 Bf5 4. cxd5 cxd5 5. Qb3 Qc7 6. Nxd5 Qd8 7. e3 e6 8.
Nc3 Nf6 9. Nf3 Bd6 10. Be2 O-O 11. O-O Nc6 12. Bb5 Qc7 13. Bd2 Ng4 14. g3 Rab8
15. e4 Bg6 16. e5 Be7 17. Qd1 a6 18. Bxc6 Qxc6 19. Rc1 Bf5 20. Re1 Nh6 21. Qe2
Bg4 22. Ne4 f5 23. Rxc6 bxc6 24. Neg5 Rxb2 25. Rd1 Bxg5 26. h4 Bxd2 27. Rxd2
Bxf3 28. Qd3 Rxd2 29. Qxd2 Rb8 30. Qd3 Be4 31. Qc4 Rb1+ 32. Kh2 Ng4+ 0-1

[Event "Open d'Aubagne 2018-2019"]
[Site "Aubagne"]
[Date "2018.01.12"]
[Round "5.17"]
[White "Ulloa, Philippe"]
[Black "Deroual, Alexandre"]
[Result "1-0"]
[WhiteElo "1328"]
[BlackElo "1058"]
[PlyCount "101"]

1. d4 f5 2. Nf3 d5 3. Bf4 Nf6 4. h3 e6 5. a3 c6 6. e3 Nbd7 7. Bd3 b6 8. O-O c5
9. c3 c4 10. Bc2 b5 11. Ng5 Nb6 12. Nf3 Bd6 13. Bxd6 Qxd6 14. b3 Rb8 15. a4
bxa4 16. bxc4 dxc4 17. Ne5 Nfd7 18. Bxa4 Nxa4 19. Qxa4 O-O 20. Nxc4 Qd5 21.
Nbd2 Bb7 22. Nf3 g5 23. Ncd2 g4 24. hxg4 fxg4 25. e4 Qc6 26. Ne5 Nb6 27. Qxc6
Bxc6 28. Nxc6 Rb7 29. Nxa7 Rbf7 30. e5 Nd5 31. Ne4 Rf4 32. Ng5 R4f5 33. Nxe6
R8f7 34. Nd8 Rf8 35. Nac6 Nxc3 36. Ne7+ Kg7 37. Nxf5+ Rxf5 38. Ne6+ Kg6 39. Ra6
g3 40. Nf4+ Kg5 41. Nh3+ Kg4 42. f3+ Kh5 43. Re1 Kh4 44. Rh6+ Rh5 45. Rxh5+
Kxh5 46. e6 Nd5 47. e7 Nxe7 48. Rxe7 h6 49. d5 Kh4 50. d6 h5 51. Re4# 1-0

[Event "Open d'Aubagne 2018-2019"]
[Site "Aubagne"]
[Date "2018.01.12"]
[Round "5.18"]
[White "Avedissian, Andre"]
[Black "Madi, Walid"]
[Result "1-0"]
[WhiteElo "1326"]
[BlackElo "1144"]
[PlyCount "90"]

1. e4 c5 2. Nf3 Nc6 3. d4 cxd4 4. Nxd4 g6 5. Be3 Bg7 6. Qd2 Qb6 7. Nb3 Qc7 8.
Nc3 Nf6 9. f3 O-O 10. O-O-O d6 11. g4 e5 12. h4 Be6 13. Nd5 Bxd5 14. exd5 Ne7
15. h5 Kh8 16. Bd3 Rg8 17. hxg6 fxg6 18. Rh3 Nexd5 19. Bg5 Qf7 20. Rdh1 Rae8
21. Bc4 Rc8 22. Bxd5 Qc7 23. Bxg8 Kxg8 24. Bxf6 Bxf6 25. Rxh7 Bg5 26. Rh8+ Kg7
27. R1h7+ Kf6 28. Rxc7 Bxd2+ 29. Kxd2 Rxc7 30. c3 Kg5 31. Rg8 Rc4 32. Rf8 e4
33. Nd4 exf3 34. Rxf3 Kxg4 35. Rf6 g5 36. Ke2 Rc5 37. Kf2 Kh3 38. Rf5 Rxf5+ 39.
Nxf5 Kg4 40. Nxd6 b6 41. Nc8 Kh3 42. Kg1 g4 43. Nxa7 Kg3 44. Nc6 Kf3 45. Nd4+
Ke3 1-0

[Event "Open d'Aubagne 2018-2019"]
[Site "Aubagne"]
[Date "2018.01.12"]
[Round "5.19"]
[White "Morata, Serge"]
[Black "Masson, Wally"]
[Result "1-0"]
[WhiteElo "1317"]
[BlackElo "1169"]
[PlyCount "59"]

1. e4 e5 2. Nf3 d6 3. d4 exd4 4. Nxd4 Be7 5. Nc3 a6 6. Be3 Nf6 7. Qd2 d5 8. f3
dxe4 9. fxe4 Ng4 10. Bf4 O-O 11. O-O-O g5 12. Bg3 Bf6 13. h3 Ne5 14. Kb1 b5 15.
h4 g4 16. h5 Bb7 17. Be2 b4 18. Nd5 Bxd5 19. exd5 a5 20. Nf5 Kh8 21. Bh4 Nbd7
22. Bxf6+ Qxf6 23. Rdf1 Qd8 24. d6 Nf6 25. h6 c5 26. Ne7 Ne4 27. Qf4 Nc3+ 28.
bxc3 f6 29. Qf5 Ra6 30. Bxa6 1-0

[Event "Open d'Aubagne 2018-2019"]
[Site "Aubagne"]
[Date "2018.01.12"]
[Round "5.20"]
[White "Tramarin, Esteban"]
[Black "Rocchia, Alex"]
[Result "0-1"]
[WhiteElo "1180"]
[BlackElo "1291"]
[PlyCount "82"]

1. c4 e5 2. Nc3 Nf6 3. d3 Bb4 4. Qd2 Nc6 5. a3 Bxc3 6. Qxc3 d6 7. Bg5 h6 8.
Bxf6 Qxf6 9. Nf3 O-O 10. g3 Qg6 11. Bg2 Nb8 12. O-O Nd7 13. d4 Qh5 14. h3 e4
15. g4 Qg6 16. Nh4 Qg5 17. Nf5 g6 18. Ne3 Nf6 19. f4 Qh4 20. Bh1 Qxh3 21. Bg2
Qg3 22. Nd5 Qxc3 23. Nxf6+ Kg7 24. bxc3 Kxf6 25. Bxe4 Bxg4 26. Bxb7 Rae8 27.
Bf3 h5 28. Bxg4 hxg4 29. Rae1 Re3 30. Rc1 Rxe2 31. Rf2 Rfe8 32. Rxe2 Rxe2 33.
Kf1 Re4 34. Rb1 Re7 35. Rb2 Kf5 36. Rb7 a6 37. Ra7 Kxf4 38. Rxa6 Kf3 39. c5 g3
40. cxd6 g2+ 41. Kg1 Re1+ 0-1

[Event "Open d'Aubagne 2018-2019"]
[Site "Aubagne"]
[Date "2018.01.12"]
[Round "5.21"]
[White "Couillaud, Gabriel"]
[Black "Moerenhout, Jean Claude"]
[Result "0-1"]
[WhiteElo "1144"]
[BlackElo "1280"]
[PlyCount "68"]

1. e4 c5 2. Nc3 d6 3. d4 cxd4 4. Qxd4 Nc6 5. Bb5 Bd7 6. Qd5 Nf6 7. Qc4 Rc8 8.
Nd5 Ng4 9. Ba4 Nce5 10. Qe2 Bxa4 11. Nf3 Rxc2 12. Bd2 Rxb2 13. Rc1 Rc2 14. Rxc2
Bxc2 15. Bf4 Qa5+ 16. Bd2 Nd3+ 17. Qxd3 Bxd3 18. Bxa5 b6 19. h3 bxa5 20. hxg4
Bxe4 21. Nc7+ Kd7 22. Nd2 Bxg2 23. Rg1 Bc6 24. Na6 Bb5 25. Nb3 Bxa6 26. Nxa5 g5
27. Rh1 Bg7 28. Rh3 Rc8 29. f3 Bc3+ 30. Kf2 Bxa5 31. Rxh7 Rc2+ 32. Ke3 Bb6+ 33.
Ke4 f6 34. Kf5 Bd3# 0-1

[Event "Open d'Aubagne 2018-2019"]
[Site "Aubagne"]
[Date "2018.01.12"]
[Round "5.22"]
[White "Frontera, Pierre"]
[Black "Madi, Chahinez"]
[Result "1/2-1/2"]
[WhiteElo "1269"]
[BlackElo "1099"]
[PlyCount "101"]

1. e4 c5 2. Bc4 Nc6 3. Nf3 g6 4. c3 Bg7 5. O-O d6 6. h3 Nf6 7. Re1 O-O 8. d3 a6
9. a3 Rb8 10. b4 cxb4 11. axb4 b5 12. Bb3 a5 13. Bd2 Nd7 14. Ra2 Bb7 15. d4
axb4 16. cxb4 Nxd4 17. Nxd4 Bxd4 18. Bh6 Bg7 19. Bxg7 Kxg7 20. Nc3 Bc6 21. Qd4+
f6 22. Rae2 Qb6 23. Qd2 Qb7 24. Nd5 e5 25. Nc3 Qc7 26. Nd5 Bxd5 27. Bxd5 Nb6
28. Rc1 Nc4 29. Qd3 Qb6 30. Bxc4 bxc4 31. Rxc4 f5 32. Rec2 Kh8 33. Rc6 Qxb4 34.
R6c4 Qe1+ 35. Kh2 Rfd8 36. exf5 gxf5 37. Qxf5 Rf8 38. Qg4 Rb1 39. Rc8 Qh1+ 40.
Kg3 Rb3+ 41. f3 Qe1+ 42. Kh2 Rb8 43. Rxf8+ Rxf8 44. Rc8 Rxc8 45. Qxc8+ Kg7 46.
Qd7+ Kf6 47. Qxd6+ Kg5 48. Qe7+ Kf4 49. Qxh7 Qg3+ 50. Kg1 Qe1+ 51. Kh2 1/2-1/2

[Event "Open d'Aubagne 2018-2019"]
[Site "Aubagne"]
[Date "2018.01.12"]
[Round "5.23"]
[White "Labriaud, Gilles"]
[Black "Salvi, Angele"]
[Result "1-0"]
[WhiteElo "1265"]
[BlackElo "1095"]
[PlyCount "93"]

1. e4 b6 2. d4 a6 3. Nf3 Bb7 4. Nc3 h6 5. Bc4 g6 6. Ne5 e6 7. O-O Ne7 8. Be3
Bg7 9. Nf3 O-O 10. Qd2 g5 11. Ne1 d5 12. Bd3 Nbc6 13. e5 Na5 14. b3 c5 15. f4
Nf5 16. Bxf5 exf5 17. fxg5 h5 18. Rxf5 Bc8 19. Rf2 c4 20. Nf3 Nc6 21. Raf1 Kh7
22. Nh4 Be6 23. Nf5 Bh8 24. Nd6 Ra7 25. Ne2 Ne7 26. Nxf7 Bxf7 27. Rxf7+ Rxf7
28. Rxf7+ Kg6 29. Rf3 Nc8 30. Ng3 b5 31. Qf2 Bg7 32. Nf5 Bf8 33. Nh6 Be7 34. h4
Rc7 35. Bd2 Rc6 36. Nf5 Bf8 37. c3 cxb3 38. axb3 Qc7 39. Bc1 Rxc3 40. Bd2 Rxf3
41. Qxf3 Qc2 42. Ba5 Qxf5 43. Qxd5 Ne7 44. Qd6+ Kg7 45. Qf6+ Kg8 46. e6 Qg6 47.
Bb4 1-0

[Event "Open d'Aubagne 2018-2019"]
[Site "Aubagne"]
[Date "2018.01.12"]
[Round "5.24"]
[White "Cayrou, Manon"]
[Black "Rescanieres, Alice"]
[Result "1-0"]
[WhiteElo "1264"]
[BlackElo "1020"]
[PlyCount "39"]

1. e4 c5 2. Nf3 Nc6 3. Bc4 Nf6 4. d3 d5 5. exd5 Nxd5 6. O-O e6 7. Bd2 Bd6 8.
Nc3 Nxc3 9. Bxc3 O-O 10. d4 b6 11. d5 exd5 12. Bxd5 Bb7 13. Be4 Rb8 14. Qd3 g6
15. Rfe1 Nb4 16. Qd2 Bxe4 17. Rxe4 Qc7 18. Qh6 f5 19. Re6 Be7 20. Qg7# 1-0

[Event "Open d'Aubagne 2018-2019"]
[Site "Aubagne"]
[Date "2018.01.12"]
[Round "5.25"]
[White "Dektiannikov, Artiom"]
[Black "Periale, Albert"]
[Result "1-0"]
[WhiteElo "1165"]
[BlackElo "1263"]
[PlyCount "57"]

1. d4 d5 2. c4 e6 3. Nf3 Nf6 4. g3 dxc4 5. Nc3 c6 6. e4 Bb4 7. Bxc4 Nxe4 8. Qd3
Nxc3 9. bxc3 Bd6 10. O-O Nd7 11. Ng5 Nf6 12. Nf3 O-O 13. Bg5 Be7 14. Bxf6 Bxf6
15. h4 h6 16. Qe4 g6 17. h5 Kh7 18. hxg6+ fxg6 19. Bd3 Rg8 20. Kg2 Qe8 21. Rh1
e5 22. dxe5 Bf5 23. Qf4 Bg7 24. Ng5+ Kh8 25. Rxh6+ Bxh6 26. Rh1 Kg7 27. Bxf5
gxf5 28. Qxf5 Bxg5 29. Rh7# 1-0

[Event "Open d'Aubagne 2018-2019"]
[Site "Aubagne"]
[Date "2018.01.12"]
[Round "5.26"]
[White "Periale, Francine"]
[Black "Pietrac, Christian"]
[Result "0-1"]
[WhiteElo "1038"]
[BlackElo "1227"]
[PlyCount "78"]

1. d4 Nf6 2. Nf3 d6 3. c4 g6 4. Nc3 Bg7 5. h3 b6 6. e3 O-O 7. Bd3 Bb7 8. O-O
Re8 9. Re1 e5 10. e4 exd4 11. Nxd4 c5 12. Nf3 Nc6 13. Be3 Nb4 14. Be2 Nxe4 15.
Rc1 Nxc3 16. bxc3 Nxa2 17. Rc2 Nxc3 18. Rxc3 Bxc3 19. Bd2 Bg7 20. Nh2 Qd7 21.
Bg4 f5 22. Bf3 Rxe1+ 23. Bxe1 Re8 24. Bd5+ Kh8 25. Bxb7 Qxb7 26. Nf3 Qe7 27.
Bd2 h6 28. h4 Kh7 29. g3 Bf6 30. Qc1 Qe2 31. Kg2 Bg7 32. h5 g5 33. Nxg5+ hxg5
34. Bxg5 Qe4+ 35. f3 Qe2+ 36. Kh3 Qxf3 37. h6 Qg4+ 38. Kg2 Re2+ 39. Kf1 Qf3+
0-1

[Event "Open d'Aubagne 2018-2019"]
[Site "Aubagne"]
[Date "2018.01.12"]
[Round "5.27"]
[White "Roganova, Maxime"]
[Black "Naam, Shedy"]
[Result "0-1"]
[WhiteElo "1009"]
[BlackElo "1159"]
[PlyCount "42"]

1. e4 e5 2. Nf3 Nc6 3. Bc4 Bc5 4. b4 Bxb4 5. c3 Bc5 6. d4 exd4 7. O-O Nf6 8.
cxd4 Bb4 9. Bg5 Be7 10. Nc3 d6 11. d5 Ne5 12. Qa4+ Bd7 13. Qb3 Nxf3+ 14. gxf3
b6 15. Nb5 O-O 16. Bd3 a6 17. Nc3 Nxe4 18. Bxe7 Qxe7 19. Bxe4 Bh3 20. Rfe1 Qg5+
21. Kh1 Qg2# 0-1

[Event "Open d'Aubagne 2018-2019"]
[Site "Aubagne"]
[Date "2018.01.12"]
[Round "5.28"]
[White "Bhutra, Patricia"]
[Black "Biglia, Michel"]
[Result "0-1"]
[WhiteElo "1010"]
[BlackElo "1238"]
[PlyCount "78"]

1. e4 e5 2. Nf3 Nc6 3. Bc4 h6 4. c3 d6 5. d4 exd4 6. cxd4 g6 7. O-O Bg7 8. Be3
Nf6 9. e5 dxe5 10. dxe5 Qxd1 11. Rxd1 Ng4 12. Bc5 Ncxe5 13. Re1 Be6 14. Nbd2
O-O-O 15. Rad1 Nxc4 16. h3 Nge5 17. b3 Nxf3+ 18. Nxf3 Rxd1 19. Rxd1 Rd8 20. Re1
Nb2 21. Bd4 Bxd4 22. Rd1 Nxd1 23. Nxd4 Rxd4 24. g4 Bd5 25. a4 Rd2 26. Kh2 g5
27. h4 Nxf2 28. Kg3 Nh1+ 29. Kh3 Rd3+ 30. Kh2 Bxb3 31. Kxh1 Rd2 32. Kg1 c5 33.
hxg5 hxg5 34. Kf1 c4 35. Ke1 Ra2 36. a5 c3 37. a6 b6 38. Kf1 c2 39. Kg1 c1=Q#
0-1

[Event "Open d'Aubagne 2018-2019"]
[Site "Aubagne"]
[Date "2018.01.12"]
[Round "5.29"]
[White "Vicari-Vento, Salvatore"]
[Black "Lognos, Lina"]
[Result "1-0"]
[WhiteElo "1347"]
[BlackElo "1009"]
[PlyCount "68"]

1. e4 d6 2. d4 g6 3. Nf3 Bg7 4. h3 b6 5. Nc3 Bb7 6. Bd2 Nd7 7. Bc4 e6 8. O-O c6
9. Re1 b5 10. Bd3 a5 11. Rb1 Ba6 12. d5 Nc5 13. Bf1 Ne7 14. dxc6 Nxc6 15. Bxb5
Bxb5 16. Nxb5 O-O 17. Bc3 Ne5 18. Nxe5 dxe5 19. Qxd8 Rfxd8 20. b3 a4 21. b4 Nb7
22. Na3 Bf8 23. Bxe5 Rac8 24. Kf1 Bh6 25. Red1 Re8 26. c4 Nd8 27. c5 Nc6 28.
Bc3 Na7 29. Bd2 Bg7 30. Nc4 Rcd8 31. Nd6 Rf8 32. Be3 Nb5 33. Nxb5 Rxd1+ 34.
Rxd1 Bc3 1-0

[Event "Open d'Aubagne 2018-2019"]
[Site "Aubagne"]
[Date "2018.01.12"]
[Round "5.30"]
[White "Bartolini, Manuela"]
[Black "Piquemal, Jean Christophe"]
[Result "0-1"]
[WhiteElo "1061"]
[BlackElo "1100"]
[PlyCount "107"]

1. d4 d5 2. Bf4 Nf6 3. e3 a6 4. Nf3 Nc6 5. Nbd2 Bg4 6. Qc1 e6 7. h3 Bh5 8. c3
Be7 9. Be2 O-O 10. Qd1 b5 11. Ne5 Bxe2 12. Qxe2 Nxe5 13. Bxe5 c5 14. g4 cxd4
15. cxd4 Bd6 16. g5 Ne4 17. Nxe4 dxe4 18. h4 Qa5+ 19. Kf1 Bxe5 20. dxe5 Rad8
21. Kg2 Qd2 22. Qxd2 Rxd2 23. b4 Rd5 24. Rad1 Rfd8 25. Rxd5 exd5 26. Kg3 Kf8
27. Kf4 g6 28. Rc1 Ke7 29. Rc6 Ra8 30. f3 a5 31. Rc7+ Ke6 32. a3 axb4 33. fxe4
bxa3 34. exd5+ Kxd5 35. Rd7+ Kc4 36. Rd1 a2 37. Ra1 Kb3 38. Ke4 Kb2 39. Rd1
a1=Q 40. Rxa1 Rxa1 41. Kd4 Rc1 42. Kd5 b4 43. Kd6 Re1 44. Ke7 Rxe3 45. Kf6 Re4
46. h5 gxh5 47. Kf5 Re1 48. Kf6 b3 49. Kxf7 Rxe5 50. Kf6 Ra5 51. Kg7 Rxg5+ 52.
Kxh7 Rg1 53. Kh6 Ka2 54. Kxh5 0-1

[Event "Open d'Aubagne 2018-2019"]
[Site "Aubagne"]
[Date "2018.01.12"]
[Round "5.31"]
[White "Nasri, Alexandre"]
[Black "Garbe, Georges"]
[Result "0-1"]
[WhiteElo "1399"]
[BlackElo "1203"]
[PlyCount "80"]

1. e4 c5 2. Nc3 Nf6 3. Bc4 e6 4. Nf3 d6 5. d4 Be7 6. dxc5 dxc5 7. Qxd8+ Bxd8 8.
Bg5 h6 9. Bxf6 Bxf6 10. O-O O-O 11. e5 Be7 12. Nb5 Na6 13. Nd6 Nb4 14. Nxc8
Raxc8 15. c3 Nc6 16. Rab1 Rcd8 17. Rfd1 g5 18. g3 g4 19. Bb5 gxf3 20. Rd3 Nxe5
21. Rxd8 Rxd8 22. Re1 f6 23. b4 a6 24. Ba4 b5 25. Bb3 c4 26. Bc2 Kf7 27. h3 Rd2
28. Rc1 Nd3 29. Rd1 Rxd1+ 30. Bxd1 Ne5 31. a4 bxa4 32. Bxa4 Nd3 33. Bc6 Ne5 34.
Bb7 Bxb4 35. cxb4 c3 36. Be4 f5 37. Bc2 Nc6 38. Kf1 Nxb4 39. Bb3 c2 40. Bxc2
Nxc2 0-1

[Event "Open d'Aubagne 2018-2019"]
[Site "Aubagne"]
[Date "2018.01.12"]
[Round "5.32"]
[White "Corchia, Joseph"]
[Black "Boudet, Nicole"]
[Result "1-0"]
[WhiteElo "1399"]
[BlackElo "1087"]
[PlyCount "137"]

1. e4 e5 2. Nf3 Nc6 3. Bb5 Bc5 4. Bxc6 bxc6 5. d3 d5 6. Nxe5 Qd6 7. d4 Bb6 8.
exd5 cxd5 9. O-O Ne7 10. Nc3 c6 11. Bf4 Qf6 12. Bg3 O-O 13. Ne2 Nf5 14. c3 Ba6
15. Nd7 Qe7 16. Nxf8 Qxf8 17. Qc2 Nxg3 18. fxg3 Qe7 19. Rf2 Qe3 20. Raf1 c5 21.
Kh1 cxd4 22. Qf5 Qe6 23. Nxd4 Bxd4 24. cxd4 Qxf5 25. Rxf5 Bxf1 26. Rxf1 Rc8 27.
h4 Rc2 28. Re1 Kf8 29. Re5 Rxb2 30. Rxd5 Rxa2 31. Rd7 Ke8 32. Rb7 g6 33. d5 a5
34. Kh2 a4 35. Ra7 Rd2 36. Rxa4 Rxd5 37. Ra7 Rd7 38. Ra8+ Rd8 39. Rxd8+ Kxd8
40. Kh3 Ke7 41. Kg4 h5+ 42. Kg5 Ke6 43. g4 hxg4 44. Kxg4 f6 45. g3 Ke5 46. Kf3
g5 47. h5 Ke6 48. Kg4 Kf7 49. Kf5 Kg7 50. g4 Kf7 51. h6 Kg8 52. Kg6 Kh8 53.
Kxf6 Kh7 54. Kxg5 Kh8 55. Kh5 Kh7 56. g5 Kg8 57. g6 Kh8 58. h7 Kg7 59. Kg5 Kh8
60. Kf5 Kg7 61. Ke6 Kh8 62. Ke7 Kg7 63. Ke8 Kh8 64. Ke7 Kg7 65. h8=Q+ Kxh8 66.
Kf6 Kg8 67. g7 Kh7 68. Kf7 Kh6 69. g8=Q 1-0

[Event "Open d'Aubagne 2018-2019"]
[Site "Aubagne"]
[Date "2018.01.12"]
[Round "5.33"]
[White "Innocenti, Georges"]
[Black "Madi, Mohammed"]
[Result "0-1"]
[WhiteElo "1399"]
[BlackElo "1090"]
[PlyCount "68"]

1. e4 c5 2. Nf3 Nc6 3. Nc3 Nf6 4. Bb5 Qc7 5. Bxc6 Qxc6 6. O-O Nxe4 7. d3 Nf6 8.
Ne5 Qc7 9. Bf4 d6 10. Nc4 b5 11. Ne3 b4 12. Ncd5 Nxd5 13. Nxd5 Qb7 14. Qf3 Bd7
15. Nc7+ Qxc7 16. Qxa8+ Bc8 17. Qd5 e6 18. Rae1 Be7 19. Qf3 O-O 20. Qg3 e5 21.
Bh6 Bf6 22. Re4 Re8 23. Rg4 Bxg4 24. Qxg4 g6 25. c3 bxc3 26. bxc3 Bg7 27. Bxg7
Kxg7 28. Re1 Rb8 29. d4 cxd4 30. cxd4 Qc3 31. Rd1 exd4 32. g3 d3 33. Qf4 Qc6
34. Rxd3 Rb1+ 0-1

[Event "Open d'Aubagne 2018-2019"]
[Site "Aubagne"]
[Date "2018.01.12"]
[Round "5.34"]
[White "Meyselle, Jean-Noel"]
[Black "Catanese, Sauveur"]
[Result "1-0"]
[WhiteElo "1399"]
[BlackElo "1018"]
[PlyCount "53"]

1. c4 g6 2. Nc3 Bg7 3. d3 e5 4. g3 Nf6 5. Bg2 Nc6 6. Nf3 O-O 7. O-O Re8 8. Be3
d6 9. Nd2 Bd7 10. a3 Ng4 11. Nd5 Nxe3 12. Nxe3 Bh6 13. Nd5 Rb8 14. Ne4 Bg7 15.
Qd2 Nd4 16. Rab1 Nb3 17. Qc3 Nd4 18. Rfe1 c6 19. Nb4 c5 20. Nd5 Bg4 21. Kf1 Bf5
22. e3 Qc8 23. Nef6+ Kh8 24. Nxe8 e4 25. Nxg7 Kg8 26. Nxf5 Qxf5 27. Ne7+ 1-0

[Event "Open d'Aubagne 2018-2019"]
[Site "Aubagne"]
[Date "2018.01.12"]
[Round "5.36"]
[White "Bedhouche, Rayan"]
[Black "Timoner, Genevieve"]
[Result "1-0"]
[WhiteElo "1203"]
[BlackElo "1009"]
[PlyCount "95"]

1. e4 c5 2. Nf3 g6 3. d4 cxd4 4. Nxd4 Nc6 5. Be3 Nf6 6. Nc3 a6 7. f3 Bg7 8. Qd2
O-O 9. O-O-O d6 10. g4 Bd7 11. h4 h5 12. gxh5 Nxh5 13. Be2 Na5 14. f4 e5 15.
fxe5 dxe5 16. Nf3 f6 17. Rhg1 Kh7 18. Qxd7 Qxd7 19. Rxd7 Rad8 20. Rxd8 Rxd8 21.
Bb6 Nb3+ 22. cxb3 Rd7 23. Nd5 Rd6 24. Nd2 Bh6 25. Be3 Bxe3 26. Nxe3 Nf4 27. Kd1
Ne6 28. Rf1 Kg7 29. Nd5 Nf4 30. Nxf4 g5 31. Nh5+ Kg6 32. hxg5 Kxg5 33. Rf5+ Kg6
34. Ke1 Rc6 35. Nc4 Re6 36. Bg4 b5 37. Ne3 Rc6 38. Nd5 Rc1+ 39. Kd2 Rg1 40. Bf3
Rf1 41. Rxf6+ Kg5 42. Rf5+ Kg6 43. Ne7+ Kh6 44. Be2 Rg1 45. Rf6+ Kh7 46. Rf7+
Kh6 47. Nf5+ Kg5 48. Rg7# 1-0

[Event "Open d'Aubagne 2018-2019"]
[Site "Aubagne"]
[Date "2018.01.12"]
[Round "5.37"]
[White "Turpin, Isabelle"]
[Black "Bhutra, Richard"]
[Result "1-0"]
[WhiteElo "1167"]
[BlackElo "1010"]
[PlyCount "71"]

1. d4 Nc6 2. Nf3 Nf6 3. c4 d6 4. Nc3 g6 5. e4 Bg7 6. Be3 e5 7. d5 Ne7 8. Be2
Ng4 9. Bg5 O-O 10. h3 Nf6 11. Qd2 c6 12. O-O-O cxd5 13. Bh6 Nxe4 14. Nxe4 dxe4
15. Ne1 Nf5 16. Bxg7 Nxg7 17. c5 Ne6 18. cxd6 Nd4 19. Qe3 Qxd6 20. Qxe4 Re8 21.
Nf3 Bf5 22. Qe3 Qc7+ 23. Qc3 Qxc3+ 24. bxc3 Nxe2+ 25. Kb2 Rad8 26. Rde1 Nf4 27.
g4 Nd3+ 28. Ka3 Nxe1 29. Rxe1 Bc2 30. h4 Rd3 31. Nxe5 Rxc3+ 32. Kb2 Rec8 33. h5
R8c5 34. Nd7 Ra5 35. h6 Rca3 36. Re8# 1-0

[Event "Open d'Aubagne 2018-2019"]
[Site "Aubagne"]
[Date "2018.01.12"]
[Round "5.38"]
[White "De Laurentis, Pierre"]
[Black "Rieu, Jean"]
[Result "1-0"]
[WhiteElo "1020"]
[BlackElo "1161"]
[PlyCount "63"]

1. d4 e6 2. c4 Bb4+ 3. Nd2 Nc6 4. a3 Bxd2+ 5. Bxd2 Nxd4 6. e3 Nf5 7. Nf3 b6 8.
g3 Bb7 9. Bg2 Nf6 10. O-O Nd6 11. b3 Nfe4 12. Be1 Qf6 13. Rc1 Ng5 14. Nxg5 Bxg2
15. Kxg2 Qxg5 16. Qd4 e5 17. Qd5 Rb8 18. Bc3 f6 19. f4 Qh6 20. Rce1 Nf5 21.
fxe5 Qg6 22. Rf3 Nh4+ 23. Kf2 Nxf3 24. Qxf3 Qc2+ 25. Re2 Qxc3 26. Qe4 Rf8 27.
exf6+ Kf7 28. Qe7+ Kg6 29. Qxg7+ Kf5 30. e4+ Ke5 31. Qg5+ Kd4 32. Qd5# 1-0

[Event "Open d'Aubagne 2018-2019"]
[Site "Aubagne"]
[Date "2018.01.12"]
[Round "5.39"]
[White "Prasant, Krishnan"]
[Black "Shelar, Rujuta"]
[Result "1/2-1/2"]
[WhiteElo "1261"]
[BlackElo "1057"]
[PlyCount "51"]

1. d4 d5 2. c4 e6 3. Nf3 Nc6 4. g3 Nf6 5. Bg2 h6 6. O-O b6 7. Qc2 Bb7 8. e3 Bd6
9. Nfd2 O-O 10. a3 a5 11. Qd3 Re8 12. e4 Bf8 13. exd5 exd5 14. cxd5 Nxd5 15.
Nf3 Ba6 16. Qb3 Bxf1 17. Kxf1 Qd6 18. Ne5 Nxe5 19. Bxd5 Rad8 20. Nc3 Ng6 21.
Bxf7+ Kh7 22. Bxe8 Rxe8 23. Qd1 Qf6 24. Qh5 Be7 25. Nd5 Qf7 26. Nf4 1/2-1/2